000 01173cas a22003257ar4500
005 20220329142313.0
008 000525u ca zr pernn 0 b1eng d
010 _a81337
011 _a82309
035 _a92798
245 0 0 _aContributions de L'Institut de Biologie de L'Université de Montréal
_c/por Université de Montréal. Institut de Biologie
260 0 _aMontreal, Canada :
_bUniversité de Montreal. Institut de Biologie,
_c193? - .
300 _av.
310 _aRegular
362 _an.16, 1945
500 _aSe dejó de recibir a partir del n.42 de 1955.
590 _aBATCH-UPD
_b10
_c20130110
_lUCH01
_h0858
590 _aBATCH-UPD
_b10
_c20130410
_lUCH01
_h0528
590 _aBATCH-UPD
_b10
_c20130914
_lUCH01
_h0635
590 _aCONVERSION
_b10
_c20130109
_lUCH01
_h1345
650 1 4 _aBiología
_xPublicaciones periódicas.
_912799
780 0 0 _tContributions de L'Institut de Zoologie de L'Universite de Montreal
866 _an.28-29 (1951)
866 _an.32,34 (1952)
866 _an.36-38 (1953-1954)
866 _an.40,42 (1955)
866 _an.9-26 (1941-1951)
901 _aSE
905 _aLilia Sánchez G.
999 _c81337
_d81337